Normal view
MARC view
- Bangash,Adil Hussain, Agha,Aaleen, Hayat,Ayesha, Khan,Mohsin Ashfaque, Hanif,Muhammad Talha, Zaheer,Saman, & Ghazanfar,Urfa
Entry Personal Name
001 - CONTROL NUMBER
- control field: 4989
003 - CONTROL NUMBER IDENTIFIER
- control field: NUST
005 - DATE AND TIME OF LATEST TRANSACTION
- control field: 20170926112605.0
008 - FIXED-LENGTH DATA ELEMENTS
- fixed length control field: 170926|| aca||aabn | a|a d
040 ## - CATALOGING SOURCE
- Original cataloging agency: NUST
- Transcribing agency: NUST
100 ## - HEADING--PERSONAL NAME
- Personal name: Bangash,Adil Hussain, Agha,Aaleen, Hayat,Ayesha, Khan,Mohsin Ashfaque, Hanif,Muhammad Talha, Zaheer,Saman, & Ghazanfar,Urfa
670 ## - SOURCE DATA FOUND
- Source citation: Work cat.: (NUST): Bangash,Adil Hussain, Agha,Aaleen, Hayat,Ayesha, Khan,Mohsin Ashfaque, Hanif,Muhammad Talha, Zaheer,Saman, & Ghazanfar,Urfa, Impact of autocratic and democratic regime on the economic growth of Pakistan (1980-2014), 2016
